Educare all'identità sessuata
Gorde:
| Egile nagusia: | |
|---|---|
| Formatua: | Liburua |
| Hizkuntza: | italiera |
| Argitaratua: |
Brescia
Editrice La Scuola
2000
|
| Edizioa: | 1a. ed |
| Saila: | Educazione e Società
|
| Gaiak: | |
| Etiketak: |
Etiketa erantsi
Etiketarik gabe, Izan zaitez lehena erregistro honi etiketa jartzen!
|
MARC
| LEADER | 00000cam a2200000 a 4500 | ||
|---|---|---|---|
| 001 | UCB0095 | ||
| 003 | CL-VaPUC | ||
| 005 | 20211124074154.0 | ||
| 008 | 191206e20000000it ita d | ||
| 020 | |a 8835098602 | ||
| 082 | 0 | 4 | |a 155.2 |b BAS |2 21 |
| 100 | 1 | |a Basso, Aldo |e author |9 605403 | |
| 245 | 1 | 0 | |a Educare all'identità sessuata |
| 250 | |a 1a. ed | ||
| 260 | |a Brescia |b Editrice La Scuola |c 2000 | ||
| 300 | |a 252 p | ||
| 490 | 0 | |a Educazione e Società | |
| 583 | |a last modification |c 20191206 10:52:00 |k Rodrigo Vera | ||
| 650 | 0 | 0 | |a Identidad Humana |9 407305 |
| 650 | 0 | 0 | |a Psicología social |9 222894 |
| 650 | 0 | 0 | |a Ego |9 310449 |
| 942 | |c BK | ||
| 945 | |a dcastane |d 20191206 10:52:00 | ||
| 999 | |c 376317 |d 376315 | ||
| 952 | |0 0 |1 0 |3 erb |4 0 |6 155_200000000000000_BAS_2000 |7 0 |8 A |9 495694 |a BIBTEO |b BIBTEO |i 5607469 |o 155.2 BAS 2000 |p 5607469 |r 2025-01-17 |w 2020-01-06 |y BK |z Catalogado en:20191206 |k ICR | ||